000 004130000a22001690004500
999 _c48909
_d48909
001 1751
003 CO-MdFUSB
005 20180710153732.0
008 180710b xxu||||| |||| 00| 0 eng d
040 _cCO-MdBIC
082 0 4 _a571 F91c
100 1 _aFrith, Alex
245 1 0 _aConoce por dentro tu cerebro / Alex Frith , Coling King
260 _aLondres : Usborne Publishing
300 _a14 P.
942 _cLGB